Peranan Ibu Bapa Dalam Pembentukan Sahsiah Anak-anak

Bibliographic Details
Other Authors: Siti Fatimah Badul Rahman
Format: Book
Published: Kuala Lumpur : Institut Kefahaman Islam Malaysia. , 2002
Subjects:

MARC

LEADER 00000cam a2200000 7i4500
001 0000028675
005 20091223.0
008 091217
020 |a 9839099892 
090 0 0 |a 297.577   |b PER 
245 1 0 |a Peranan Ibu Bapa Dalam Pembentukan Sahsiah Anak-anak   |c penyunting Siti Fatimah Abdul Rahman. 
260 |a Kuala Lumpur :   |b Institut Kefahaman Islam Malaysia. ,   |c 2002 
650 0 |a Child rearing   |x Religious aspects   |y Islam 
650 0 |a Family   |x Religious aspects   |y Islam 
650 0 |a Parent and Child   |x Religious aspects   |y Islam 
650 0 |a Parenting   |x Religious aspects   |y Islam 
700 1 |a Siti Fatimah Badul Rahman 
999 |a 0001023757   |b Book   |c Adult Collection   |e Perbadanan Perpustakaan Awam Johor